Responses for show #4763 - Wednesday, April 27, 2005

2005 Ultimate Tournament of Champions Round 2, game 11.

Contestants

[<< previous game]

Jeff Richmond, an attorney from Los Angeles, California

Lan Djang, a health policy analyst from Toronto, Ontario, Canada

Mark Dawson, a business manager from Chamblee, Georgia

[next game >>]

Jeopardy! Round responses

THEY USED TO BE IN CHARGE
(Alex: You have to name the country.)
SINGERS ALSO KNOWN AS
BEASTLY BUSINESS
TERMINATOR OF ENDEARMENT
PLAYING THE PERCENTAGES
"NYM" DROPPER
    $200 3
Ireland

Lan
    $200 8
(Lan: Who is Johnny Cash?)

Eddie Money

MarkLan
    $200 17
(Alex: Nobody wants to take a chance on [*]. It's a lovely dog.)

the goldendoodle

Triple Stumper
    $200 16
the University of Wisconsin

Jeff
    $200 1
(Lan: Who is Nixon?)

(John F.) Kennedy

LanJeff
    $200 24
antonyms

Jeff
    $400 4
Peru

Lan
    $400 10
Nesmith

Mark
    $400 18
cross a river

Triple Stumper
    $400 20
Jesse Ventura

Lan
    $400 2
M*A*S*H

Lan
    $400 25
pseudonym

Mark
    $600 5
South Africa

Lan
    $600 11
Etta James

Triple Stumper
    $600 19
a spider

Lan
    $600 21
a Hummer (or Humvee)

Mark
    $600 9
0.75

Lan
    $600 26
acronym

Jeff
    $800 6
(Lan: What is Turkey?)

Egypt

Lan
Triple Stumper
    $800 12
Usher

Mark
    $800 29
(Jeff: What is shed?)

molt

LanJeff
    $800 22
Physical Fitness

Mark
    $800 14
(Mark: What is balance of trade?)

125%

MarkJeff
    $2,000 27
(Jeff: I'm sorry, I don't know.)
(Alex: What are [*]? Words that have come from the names of people. So you have no money, but it's still early.)

eponyms

Jeff
    $1000 7
Chile

Lan
    $1000 13
Kiki Dee

Mark
    $1000 30
char

Lan
    $1000 23
Sargent Shriver

Lan
    $1000 15
Hispanic

Lan
    $1000 28
heteronyms

Lan

Scores at the first commercial break (after clue 15):

Mark Lan Jeff
$1,600 $3,000 $1,000

Scores at the end of the Jeopardy! Round:

Mark Lan Jeff
$3,400 $7,800 -$800

Double Jeopardy! Round responses

LITERARY GREECE
ACADEMY AWARD-WINNING ACTORS
(Alex: We'll give you the role, you name the Academy Award-winning actor.)
NATIONAL PARKS
OSCAR, MEYER, WIENER
(Alex: You'll love this. [*]. We'll need the person's first and last names in that one.)
"C" IN SHAKESPEARE
ALSO A PLANET
    $400 16
wine

Triple Stumper
    $400 2
Russell Crowe

Jeff
    $400 21
Alaska

Jeff
    $400 25
Oscar Hammerstein

Jeff
    $400 8
Cordelia

Lan
    $400 1
Mercury

Lan
    $800 17
Byron

Mark
    $800 4
Dustin Hoffman

Jeff
    $800 22
Hot Springs

Lan
    $800 26
Meyer Lansky

Lan
    $800 12
Claudius

Jeff
    $800 3
Venus Williams

Lan
    $1200 18
Henry Miller

Triple Stumper
    $1200 9
(Alex: "Show me the money", yes!)

Cuba Gooding, Jr.

Lan
    $1200 28
Denali

Lan
    $2,000 24
Oscar Wilde

Lan
    $1200 13
Cassandra

Mark
    $1200 5
(Frank) Mars

Lan
    $1600 19
John Fowles

Triple Stumper
    $1600 10
Adrien Brody

Lan
    $1,800 23
(Lan: What is Everglades?)

Dry Tortugas National Park

Lan
    $1600 27
(Lan: Who is Guggenheim?)
(Alex: Be more specific, I need the name.)
(Lan: Oscar Guggenheim?)

Meyer Guggenheim

LanJeff
    $1600 14
Cawdor

Mark
    $1600 6
"The Jupiter Symphony"

Mark
    $2000 20
Hesiod

Mark
    $2000 11
Kevin Spacey

Lan
    $2000 30
Acadia

Mark
    $2000 29
Norbert Wiener

Triple Stumper
    $2000 15
Clarence

Lan
    $2000 7
(Jeff: What is Project Neptune?)
(Mark: What is Saturn?)

the Pluto Project

MarkJeff
Triple Stumper

Scores at the end of the Double Jeopardy! Round:

Mark Lan Jeff
$10,600 $18,800 $1,600

[wagering suggestions for these scores]

Final Jeopardy! Round responses

RELIGIOUS HISTORY
JeffWhat is Gnosticism?
$1,600
MarkWhat are Gnostics
$10,600
LanWhat is Gnosticism
$2,450
Gnosticism

Final scores:

Mark Lan Jeff
$21,200 $21,250 $3,200
2nd place: $10,000 Winner: $21,250 + an advance to UToC Round 3 3rd place: $10,000

Game dynamics:

Coryat scores:

Mark Lan Jeff
$10,600 $19,800 $3,600
13 R,
2 W
25 R
(including 1 DD),
5 W
(including 1 DD)
11 R,
3 W
(including 1 DD)

Combined Coryat: $34,000

The J! Archive is created by fans, for fans. The Jeopardy! game show and all elements thereof, including but not limited to copyright and trademark thereto, are the property of Jeopardy Productions, Inc. and are protected under law. This website is not affiliated with, sponsored by, or operated by Jeopardy Productions, Inc. Join the discussion at JBoard.tv.